01627naa a2200241 i 4500001000400000003000400004005001700008008003900025040000800064080001700072080001000089100012300099245011900222260001000341500002100351520054400372650003100916650004100947655003000988773016601018700011901184711008201303BPPBPK20191005093907.0151203s2003 pl f |100 0 pol cBPK a621.3.049.77 a510.6 aMaslennikow, Olegd1996 - 2010.bPolitechnika Koszalińska - Wydział Elektroniki,cKatedra Inżynierii Komputerowej aPrzerzutniki prądowe dla logiki wielowartościowej i arytmetyki resztowej /cOleg Maslennikow, Michał Białko. c2003. aDane z autopsji. aW pracy zaproponowano nowe przerzutniki typu D zbudowane w oparciu o bramki prądowe - nowe elementy logiczne cechujące się znacznie mniejszym poziomem szumu cyfrowego i przeznaczone dla umieszczenia razem z układami analogowymi na wspólnym podłożu układu VLSI. Opracowane przerzutniki działają w logice wielowartościowej z cyframi od 0 do N, i arytmetyce resztowej modulo N i mogą być wykorzystane w blokach ALU specjalistycznych urządzeń, lub w układach FPGA działających w wymienionych systemach liczbowych. aLogika wielowartościowa. 0aUkłady logiczne programowalne FPGA. 0aMateriały konferencyjne. iW :tDruga Krajowa Konferencja Elektroniki : materiały konferencji. T. 2/2. -dKoszalin : Wydział Elektroniki Politechniki Koszalińskiej, 2003. -gs. 725-730 aBIAŁKO, Michał.d1996 - .bPolitechnika Koszalińska - Wydział Elektroniki,cKatedra Inżynierii Komputerowej aKrajowa Konferencja Elektronikin(2 ;d2003 ;cKołobrzeg, Polska).pKKE'2003